| 000 | 00933nam a22002297a 4500 | ||
|---|---|---|---|
| 999 |
_c11111 _d11111 |
||
| 003 | AR-CdUCM | ||
| 008 | 190402b ||||| |||| 00| 0 spa d | ||
| 040 |
_aMUNICIPALIDAD PROVINCIAL DEL CUSCO _cBIBLIOTECA MUNICIPAL DEL CUSCO |
||
| 082 |
_aC / 869.5009 / _bM22A |
||
| 100 |
_aManya, Juan Antonio _911042 |
||
| 245 | _aApuntes de la Literatura Peruana / | ||
| 260 |
_aCusco : _bImp. Cosmos, _c1986. |
||
| 300 |
_a50 páginas ; _c cm. |
||
| 500 | _aMétodo Jama. | ||
| 505 | _aContenido: Orientaciones técnicas -- Objeto del estudio de la literatura -- Análisis y comentario de textos literarios -- Orígen, formación y desarrollo del Español -- Literatura Peruana -- Literatura Inka o Quechua ... | ||
| 650 |
_aLiteratura Peruana _9132 |
||
| 650 |
_aHistoria y crítica _95993 |
||
| 650 |
_aSiglo XX _98 |
||
| 710 |
_aInstituto Lingüístico y Folklorico Quechua y Aimara. _928287 |
||
| 942 |
_2ddc _cLIBROS |
||
| 945 | _aachl | ||